Podpora vědy a výzkumu v Rakousku.
Legislatíva v oblasti vedy a výskumu. Oblasti, ktoré zabezpečuje Spolkové ministerstvo pre vedu a výskum. Právomoci Ministerstva. Fondy určené pre podporu vedy a výskumu.
Na minha lista:
| Autor principal: | |
|---|---|
| Outros Autores: | |
| Formato: | Capítulo de Livro |
| Idioma: | tcheco |
| Assuntos: | |
| Tags: |
Sem tags, seja o primeiro a adicionar uma tag!
|
MARC
| LEADER | 00000naa a2200000 4500 | ||
|---|---|---|---|
| 001 | r009343 | ||
| 005 | 20220831084700.5 | ||
| 041 | 0 | |a cze | |
| 044 | |a [CS] | ||
| 245 | 1 | 0 | |a Podpora vědy a výzkumu v Rakousku. |c A. Koudelák, V. Šedivý |
| 520 | |a Legislatíva v oblasti vedy a výskumu. Oblasti, ktoré zabezpečuje Spolkové ministerstvo pre vedu a výskum. Právomoci Ministerstva. Fondy určené pre podporu vedy a výskumu. | ||
| 610 | 2 | 0 | |a veda |
| 610 | 2 | 0 | |a výskum |
| 610 | 2 | 0 | |a organizácia |
| 610 | 2 | 0 | |a legislatíva |
| 610 | 2 | 0 | |a Rakúsko |
| 610 | 2 | 0 | |a ministerstvá |
| 100 | 1 | |a Koudelák, A. | |
| 700 | 1 | |a Šedivý, V. | |